Battleground: criminal justice

Gespeichert in:  
Bibliographische Detailangaben
Beteiligte: Barak, Gregg 1948- (Herausgegeben von)
Medienart: Druck Buch
Sprache:Englisch
Veröffentlicht: Westport, Conn. [u.a.] Greenwood Press 20XX-
In:Jahr: 2007
Bestand in Tübingen:In Tübingen vorhanden.
UB: KB 20 A 2954
Verfügbarkeit prüfen: HBZ Gateway
Subito Bestelldienst: Jetzt bestellen.
Bände / Aufsätze:Bände / Aufsätze anzeigen.
Schlagwörter:

MARC

LEADER 00000cam a2200000 ca4500
001 1345315015
003 DE-627
005 20251225183848.0
007 tu
008 071213n20uuuuuuxxu||||| 00| ||eng c
010 |a  2007021778 
020 |a 9780313340406  |c set : alk. paper  |9 978-0-313-34040-6 
035 |a (DE-627)1345315015 
035 |a (DE-576)275315010 
035 |a (DE-599)BSZ275315010 
040 |a DE-627  |b ger  |c DE-627  |e rakwb 
041 |a eng 
044 |c XD-US 
050 0 |a HV7411 
082 0 |a 364.03 
190 |j 2007 
245 0 0 |a Battleground  |b criminal justice  |c edited by Gregg Barak 
264 1 |a Westport, Conn. [u.a.]  |b Greenwood Press  |c 20XX- 
336 |a Text  |b txt  |2 rdacontent 
337 |a ohne Hilfsmittel zu benutzen  |b n  |2 rdamedia 
338 |a Band  |b nc  |2 rdacarrier 
500 |a Includes bibliographical references and index 
650 0 |a Criminal justice, Administration of  |x Encyclopedias 
650 0 |a Criminal justice, Administration of  |x Encyclopedias  |x United States 
655 7 |a Wörterbuch  |0 (DE-588)4066724-8  |0 (DE-627)104682620  |0 (DE-576)209166061  |2 gnd-content 
689 0 0 |d g  |0 (DE-588)4078704-7  |0 (DE-627)106076612  |0 (DE-576)209209682  |a USA  |2 gnd 
689 0 1 |d s  |0 (DE-588)4121733-0  |0 (DE-627)104544449  |0 (DE-576)209545712  |a Strafrechtspflege  |2 gnd 
689 0 |5 (DE-627) 
689 1 0 |d g  |0 (DE-588)4078704-7  |0 (DE-627)106076612  |0 (DE-576)209209682  |a USA  |2 gnd 
689 1 1 |d s  |0 (DE-588)4183472-0  |0 (DE-627)105302465  |0 (DE-576)210018860  |a Strafjustiz  |2 gnd 
689 1 |5 (DE-627) 
700 1 |a Barak, Gregg  |d 1948-  |e Hrsg.  |0 (DE-588)133211169  |0 (DE-627)53867993X  |0 (DE-576)166684260  |4 edt 
951 |a MC 
ELC |b 1 
LOK |0 000 xxxxxcx a22 zn 4500 
LOK |0 001 2558556894 
LOK |0 003 DE-627 
LOK |0 004 1345315015 
LOK |0 005 20080318121818 
LOK |0 008 071213||||||||||||||||ger||||||| 
LOK |0 040   |a DE-21  |c DE-627  |d DE-21 
LOK |0 852   |a DE-21 
LOK |0 852 1  |c KB 20 A 2954  |9 00 
LOK |0 935   |a krim 
LOK |0 936ln  |a k4.6.5 
LOK |0 938   |l 20/02/08  |8 6 
LOK |0 939   |a 13-12-07  |b l01 
ORI |a SA-MARC-krimdoka001.raw 
SIG |a UB: KB 20 A 2954 
SPR |a 1  |t KRI